| 000 | 00685nam a2200241 a 4500 | ||
|---|---|---|---|
| 001 | 53503 | ||
| 003 | BD-RjUL | ||
| 005 | 20211209075955.0 | ||
| 008 | 161016s1958 enkp|||| |||| 001 0 eng d | ||
| 035 | _a(BD-RjUL) | ||
| 040 |
_aBD-RjUL _beng _cBD-RjUL _dBD-RjUL |
||
| 041 | _aeng | ||
| 082 |
_223 _a511.8 _bRIB 1958 |
||
| 100 |
_aRichtmeyer, Cleon C _9159936 |
||
| 245 | 1 | 0 |
_aBusiness mathematics / _cCleon C Richtmeyer; Judson W Foust |
| 250 | _a4th ed. | ||
| 260 |
_aNew York : _bMcGraw-Hill, _cc1958. |
||
| 300 |
_axii, 411 p. : _bill, ; _c24 cm. |
||
| 500 | _aInclude index | ||
| 650 |
_aBusiness mathematics. _9159937 |
||
| 700 |
_aFoust, Judson W _9159938 |
||
| 942 |
_2ddc _cBK |
||
| 999 |
_c53503 _d53503 |
||